[Event "Krakow op-B 30th"]
[Site "Krakow"]
[Date "2020.01.04"]
[Round "9"]
[White "Lozynskyi, Bohdan"]
[Black "Jablonska, Sabina"]
[Result "1-0"]
[WhiteElo "2087"]
[BlackElo "1933"]
[PlyCount "49"]
[EventDate "2019.12.27"]
[EventType "swiss"]
[EventRounds "9"]
[EventCountry "POL"]
[SourceTitle "CBM 195 Extra"]
[Source "ChessBase"]
[SourceDate "2020.05.31"]
[SourceVersion "1"]
[SourceVersionDate "2020.05.31"]
[SourceQuality "1"]

1. e4 g6 2. d4 Bg7 3. Nc3 c5 4. Nf3 Nc6 5. d5 Ne5 6. Nxe5 Bxe5 7. f4 Bxc3+ 8. bxc3 d6 9. Bd3 Nf6 10. c4 Bg4 11. Qd2 Bd7 12. 0-0 0-0 13. Bb2 Ne8 14. f5 f6 15. fxg6 hxg6 16. e5 Bf5 17. Bxf5 gxf5 18. exf6 exf6 19. Rxf5 Rc8 20. Raf1 Rc7 21. Qh6 Rh7 22. Rg5+ Ng7 23. Rxg7+ Rxg7 24. Rxf6 Re8 25. Rf8+ 1-0

[Event "Krakow op-B 30th"]
[Site "Krakow"]
[Date "2020.01.02"]
[Round "7"]
[White "Adamczyk, Zuzanna"]
[Black "Jablonska, Sabina"]
[Result "0-1"]
[WhiteElo "2025"]
[BlackElo "1933"]
[PlyCount "64"]
[EventDate "2019.12.27"]
[EventType "swiss"]
[EventRounds "9"]
[EventCountry "POL"]
[SourceTitle "CBM 195 Extra"]
[Source "ChessBase"]
[SourceDate "2020.05.31"]
[SourceVersion "1"]
[SourceVersionDate "2020.05.31"]
[SourceQuality "1"]

1. e4 c6 2. d4 d5 3. Nd2 dxe4 4. Nxe4 Nf6 5. Nxf6+ exf6 6. c3 Bd6 7. Bd3 0-0 8. Ne2 Re8 9. h3 Nd7 10. 0-0 Nf8 11. Be3 f5 12. Qc1 g6 13. Bf4 Ne6 14. Bxd6 Qxd6 15. Qh6 b5 16. f4 Bb7 17. Ng3 Qf8 18. Qxf8+ Kxf8 19. d5 Nc5 20. Be2 Re3 21. Kf2 Rae8 22. Rfe1 Na4 23. dxc6 Bxc6 24. Rab1 h5 25. h4 a6 26. Nf1 R3e7 27. Ng3 Bb7 28. Kf1 Nc5 29. Rbd1 Ne6 30. c4 bxc4 31. Bxc4 Nxf4 32. Rxe7 Rxe7 0-1

[Event "Krakow op-B 30th"]
[Site "Krakow"]
[Date "2019.12.31"]
[Round "6"]
[White "Jablonska, Sabina"]
[Black "Rozhok, Alexey"]
[Result "1-0"]
[WhiteElo "1933"]
[BlackElo "2022"]
[PlyCount "71"]
[EventDate "2019.12.27"]
[EventType "swiss"]
[EventRounds "9"]
[EventCountry "POL"]
[SourceTitle "CBM 195 Extra"]
[Source "ChessBase"]
[SourceDate "2020.05.31"]
[SourceVersion "1"]
[SourceVersionDate "2020.05.31"]
[SourceQuality "1"]

1. d4 Nf6 2. Bf4 g6 3. Nc3 Bg7 4. e4 0-0 5. Qd2 d6 6. 0-0-0 Re8 7. Nf3 c6 8. Bd3 Bg4 9. Be2 b5 10. h3 Bc8 11. Bd3 a5 12. e5 b4 13. Ne2 Nd5 14. Bh6 Bh8 15. h4 Nd7 16. e6 Nf8 17. exf7+ Kxf7 18. Ng5+ Kg8 19. h5 e5 20. Bxf8 Rxf8 21. hxg6 hxg6 22. Bxg6 Bf6 23. Ne4 Bg7 24. Bh7+ Kf7 25. Ng5+ Ke7 26. dxe5 Bxe5 27. Be4 Nf4 28. Rh7+ Ke8 29. Bxc6+ Bd7 30. Bxd7+ Qxd7 31. Rxd7 Kxd7 32. Nf3 Nxe2+ 33. Qxe2 Bf4+ 34. Kb1 Rfe8 35. Qb5+ Kc7 36. Qc4+ 1-0

[Event "POL-chT 1st League"]
[Site "Dzwirzyno"]
[Date "2019.09.12"]
[Round "6.5"]
[White "Jablonska, Sabina"]
[Black "Cieslak, Wiktoria"]
[Result "0-1"]
[WhiteElo "1928"]
[BlackElo "2063"]
[PlyCount "143"]
[EventDate "2019.09.07"]
[EventType "team-tourn"]
[EventRounds "9"]
[EventCountry "POL"]
[SourceTitle "EXT 2020"]
[Source "ChessBase"]
[SourceDate "2019.10.17"]
[SourceVersion "1"]
[SourceVersionDate "2019.10.17"]
[SourceQuality "1"]
[WhiteTeam "Gostynin Gostmat 83"]
[BlackTeam "Rybnik"]
[WhiteTeamCountry "POL"]
[BlackTeamCountry "POL"]

1. d4 Nf6 2. c4 e6 3. Nf3 b6 4. g3 Bb4+ 5. Bd2 Qe7 6. Bg2 Bb7 7. 0-0 Bxd2 8. Qxd2 d6 9. Nc3 0-0 10. d5 e5 11. e4 Nbd7 12. Nh4 g6 13. f4 exf4 14. Qxf4 Nh5 15. Qd2 Ne5 16. b3 Rae8 17. Nb5 a6 18. Nd4 Bc8 19. Ndf3 Nxf3+ 20. Bxf3 Nf6 21. Rae1 Nd7 22. Bg2 Qe5 23. Nf3 Qg7 24. Nd4 Ne5 25. Re2 Re7 26. Ref2 Rfe8 27. h3 a5 28. a4 Bb7 29. g4 Nd7 30. Re2 Nc5 31. Rfe1 Qe5 32. Re3 Qg5 33. Qf2 Qe5 34. Ne2 Bc8 35. Ng3 Qd4 36. Rf1 Bd7 37. Ne2 Qg7 38. Ng3 c6 39. g5 cxd5 40. cxd5 b5 41. axb5 Bxb5 42. Rd1 Qe5 43. h4 Bd7 44. Bf3 Rb8 45. Rb1 a4 46. Bd1 Be8 47. b4 Na6 48. Ra3 Nxb4 49. Qd2 Reb7 50. Rba1 Na6 51. h5 Nc5 52. Qe3 Rb4 53. Bc2 Rb2 54. Rc1 Nb3 55. Bxb3 R8xb3 56. Rc3 Rxa3 57. Rxa3 Rb1+ 58. Kg2 Qb2+ 59. Kf3 Qxa3 60. Qxa3 Rb3+ 61. Qxb3 axb3 62. Ne2 b2 63. Nc3 Ba4 64. h6 Bc2 65. Kf4 f5 66. gxf6 Kf7 67. e5 dxe5+ 68. Kxe5 b1Q 69. Nxb1 Bxb1 70. Kf4 Bc2 71. Ke5 Bb1 72. Kd4 0-1

[Event "POL-chT 1st League"]
[Site "Dzwirzyno"]
[Date "2019.09.10"]
[Round "4.4"]
[White "Jablonska, Sabina"]
[Black "Worek, Joanna"]
[Result "1/2-1/2"]
[WhiteElo "1928"]
[BlackElo "2308"]
[PlyCount "89"]
[EventDate "2019.09.07"]
[EventType "team-tourn"]
[EventRounds "9"]
[EventCountry "POL"]
[SourceTitle "EXT 2020"]
[Source "ChessBase"]
[SourceDate "2019.10.17"]
[SourceVersion "1"]
[SourceVersionDate "2019.10.17"]
[SourceQuality "1"]
[WhiteTeam "Gostynin Gostmat 83"]
[BlackTeam "Pawlowice Gminy"]
[WhiteTeamCountry "POL"]
[BlackTeamCountry "POL"]

1. e4 c5 2. Nf3 Nc6 3. Bb5 g6 4. Bxc6 dxc6 5. 0-0 Bg7 6. h3 e5 7. d3 Qe7 8. Re1 f6 9. c3 Nh6 10. d4 cxd4 11. cxd4 Nf7 12. Be3 0-0 13. Nbd2 b6 14. Rc1 Bb7 15. Qb3 Kh8 16. a4 Rab8 17. Qc2 exd4 18. Bxd4 c5 19. Bc3 Rbd8 20. Nc4 Qe6 21. b3 Rfe8 22. Ncd2 Ba6 23. Qb2 Bd3 24. b4 Kg8 25. bxc5 bxc5 26. Qa3 Qc6 27. Ba5 Rd7 28. Rxc5 Qa6 29. Bb4 Qb7 30. Rc3 Ba6 31. Bc5 Red8 32. Nf1 Rd1 33. Rc1 R1d3 34. Qb4 Qa8 35. Ne3 Bb7 36. Rc4 Nd6 37. Bxd6 R3xd6 38. Nf1 R6d7 39. Ng3 Qb8 40. Rcc1 h5 41. Nh4 Kh7 42. Qb1 Qf4 43. Nf3 Re8 44. h4 Rde7 45. Rc4 1/2-1/2

[Event "Wroclaw op"]
[Site "Wroclaw"]
[Date "2019.08.10"]
[Round "8"]
[White "Jablonska, Sabina"]
[Black "Zerebiec, Maurycy"]
[Result "1/2-1/2"]
[WhiteElo "1963"]
[BlackElo "1820"]
[PlyCount "151"]
[EventDate "2019.08.05"]
[EventType "swiss"]
[EventRounds "9"]
[EventCountry "POL"]
[SourceTitle "CBM 191 Extra"]
[Source "ChessBase"]
[SourceDate "2019.09.30"]
[SourceVersion "1"]
[SourceVersionDate "2019.09.30"]
[SourceQuality "1"]

1. d4 Nf6 2. Bf4 d5 3. e3 c5 4. c3 Nc6 5. Nd2 Bf5 6. Qb3 Qb6 7. dxc5 Qxb3 8. axb3 e5 9. Bg3 Bxc5 10. b4 Bd6 11. b5 Ne7 12. Ngf3 Nd7 13. Be2 f6 14. 0-0 h5 15. h4 Bg4 16. e4 Nc5 17. exd5 Nxd5 18. Bc4 Nb6 19. b4 Nca4 20. Ne4 Nxc4 21. Rxa4 Bf5 22. Nxd6+ Nxd6 23. Rfa1 Nc8 24. Nd2 Bd3 25. c4 0-0 26. R4a3 Rd8 27. f3 Bc2 28. Nf1 Rd3 29. Bf2 Rxa3 30. Rxa3 Nd6 31. b6 a6 32. Ne3 Bg6 33. Ra1 Bf7 34. c5 Nb5 35. Rd1 Nd4 36. Nf1 Nc6 37. Rb1 Be6 38. Ng3 Bf7 39. Rb2 Bg6 40. Be1 Rd8 41. Ne2 Kf7 42. Nc3 Bd3 43. Bf2 Ke6 44. Be3 Kf5 45. Kf2 g5 46. hxg5 fxg5 47. Bd2 Nd4 48. Nd1 Nc2 49. Bc3 e4 50. Rxc2 Bxc2 51. Ne3+ Ke6 52. Nxc2 Rd3 53. Be1 exf3 54. gxf3 Rd7 55. Ke3 Kd5 56. Bg3 Re7+ 57. Kd3 Rf7 58. Ne3+ Kc6 59. Ke4 Re7+ 60. Be5 a5 61. bxa5 Kxc5 62. Nf5 Rh7 63. Bc7 Kb5 64. Nd6+ Kc6 65. Kf5 h4 66. Kxg5 h3 67. Ne4 h2 68. Nf2 h1Q 69. Nxh1 Rxh1 70. f4 Ra1 71. f5 Rxa5 72. Kg6 Ra1 73. f6 Rg1+ 74. Kf7 Kd7 75. Bf4 Rb1 76. Bc7 1/2-1/2

[Event "POL-chT 1st League"]
[Site "Pokrzywna"]
[Date "2018.09.07"]
[Round "7.3"]
[White "Jablonska, Sabina"]
[Black "Worek, Joanna"]
[Result "0-1"]
[WhiteElo "1956"]
[BlackElo "2295"]
[PlyCount "108"]
[EventDate "2018.09.01"]
[EventType "team-tourn"]
[EventRounds "9"]
[EventCountry "POL"]
[SourceTitle "CBM 186 Extra"]
[Source "ChessBase"]
[SourceDate "2018.08.24"]
[SourceVersion "1"]
[SourceVersionDate "2018.08.24"]
[SourceQuality "1"]
[WhiteTeam "Gostynin Gostmat 83"]
[BlackTeam "Pawlowice Gminy"]
[WhiteTeamCountry "POL"]
[BlackTeamCountry "POL"]

1. d4 Nf6 2. Bf4 b6 3. e3 Bb7 4. c3 g6 5. Nf3 Bg7 6. h3 0-0 7. Bd3 d6 8. Qe2 Nbd7 9. e4 e5 10. dxe5 dxe5 11. Bg5 Nc5 12. Bc2 h6 13. Bxf6 Qxf6 14. Nbd2 a5 15. 0-0 Ba6 16. c4 h5 17. Rfd1 Ne6 18. a4 Rfd8 19. g3 Bh6 20. Nf1 Bxc4 21. Qxc4 Qxf3 22. Ra3 Qf6 23. Rad3 Rxd3 24. Rxd3 Rd8 25. Nh2 Rxd3 26. Bxd3 Bf8 27. Qc2 Bc5 28. Kg2 Nd4 29. Qd1 Kg7 30. Nf3 Ne6 31. Qe2 Bd4 32. Bc4 Nc5 33. b3 c6 34. Kh2 Qd6 35. h4 Nb7 36. Ng5 f6 37. Ne6+ Kh7 38. Qf3 Qe7 39. Kg2 Nd6 40. Qd3 Bb2 41. Qe2 Bc1 42. Qc2 Bh6 43. Qe2 Nxc4 44. Qxc4 Qd6 45. Kf3 g5 46. hxg5 fxg5 47. Kg2 Kg6 48. f4 gxf4 49. gxf4 Qd2+ 50. Kg1 Qe3+ 51. Kg2 exf4 52. Nd4 Qxe4+ 53. Kf1 Bg7 54. Qxc6+ Qxc6 0-1

[Event "POL-chT 1st League"]
[Site "Pokrzywna"]
[Date "2018.09.01"]
[Round "1.2"]
[White "Miturova, Magdalena"]
[Black "Jablonska, Sabina"]
[Result "1/2-1/2"]
[WhiteElo "2204"]
[BlackElo "1956"]
[PlyCount "61"]
[EventDate "2018.09.01"]
[EventType "team-tourn"]
[EventRounds "9"]
[EventCountry "POL"]
[SourceTitle "CBM 186 Extra"]
[Source "ChessBase"]
[SourceDate "2018.08.24"]
[SourceVersion "1"]
[SourceVersionDate "2018.08.24"]
[SourceQuality "1"]
[WhiteTeam "Lodz Okucia Budowlane"]
[BlackTeam "Gostynin Gostmat 83"]
[WhiteTeamCountry "POL"]
[BlackTeamCountry "POL"]

1. e4 c5 2. Nf3 e6 3. b3 Nc6 4. Bb5 d6 5. 0-0 Bd7 6. Re1 Nf6 7. Bb2 Be7 8. Bxc6 Bxc6 9. e5 dxe5 10. Nxe5 Rc8 11. Nxc6 Rxc6 12. Na3 0-0 13. Nc4 Nd7 14. f4 b5 15. Ne3 Bf6 16. Bc3 Nb6 17. Qe2 a6 18. Rad1 Nd5 19. Bxf6 Qxf6 20. Nxd5 exd5 21. Qe5 Qxe5 22. Rxe5 d4 23. d3 Rfc8 24. Rde1 g6 25. Rd5 Kg7 26. Kf2 R8c7 27. Kf3 Kf6 28. Ree5 Rc8 29. h3 R8c7 30. g3 Rc8 31. g4 1/2-1/2

[Event "POL-chT rapid"]
[Site "Zgierz"]
[Date "2018.03.03"]
[Round "7.24"]
[White "Grzesik, Nikola"]
[Black "Jablonska, Sabina"]
[Result "1-0"]
[WhiteElo "1268"]
[BlackElo "1956"]
[PlyCount "125"]
[EventDate "2018.03.03"]
[EventType "team-swiss (rapid)"]
[EventRounds "9"]
[EventCountry "POL"]
[SourceTitle "CBM 183 Extra"]
[Source "ChessBase"]
[SourceDate "2018.04.19"]
[SourceVersion "1"]
[SourceVersionDate "2018.04.19"]
[SourceQuality "1"]
[WhiteTeam "Koszalin Hetman Politechnika"]
[BlackTeam "Gostynin Gostmat 83"]
[WhiteTeamCountry "POL"]
[BlackTeamCountry "POL"]

1. c4 g6 2. g3 Bg7 3. Bg2 c5 4. Nc3 Nc6 5. Nf3 e6 6. 0-0 Nge7 7. d3 0-0 8. a3 d5 9. cxd5 exd5 10. e4 Bg4 11. h3 Bxf3 12. Bxf3 Nd4 13. Bg2 Qd7 14. exd5 Rad8 15. Bf4 b6 16. Qg4 Nef5 17. Rae1 Rfe8 18. Qd1 h6 19. h4 Kh8 20. Rxe8+ Rxe8 21. Re1 b5 22. Rxe8+ Qxe8 23. Ne4 Qc8 24. Nd6 Nxd6 25. Bxd6 Nf5 26. Bf4 Bd4 27. Qe2 Qd7 28. b3 Kh7 29. Kf1 a5 30. h5 Ne7 31. Qe4 a4 32. bxa4 bxa4 33. hxg6+ Nxg6 34. Be3 Qb5 35. Bxd4 cxd4 36. Bf3 Qc5 37. Bh5 Qxa3 38. Bxg6+ fxg6 39. Qxd4 Qc1+ 40. Kg2 a3 41. d6 a2 42. d7 a1Q 43. Qxa1 Qc6+ 44. Kh2 Qxd7 45. Qc3 Qf5 46. Qd4 Qh5+ 47. Kg2 Qf5 48. Qe4 Qd7 49. d4 Kg7 50. Qe5+ Kf7 51. d5 Qc8 52. Kf3 Qd7 53. Ke3 Qc8 54. Qf4+ Kg7 55. Kd4 Qd7 56. Kc5 Qc8+ 57. Kb6 Qh3 58. d6 Qe6 59. Kc7 Qd5 60. d7 Qc5+ 61. Kd8 Qb6+ 62. Ke7 Qc5+ 63. Ke8 1-0

[Event "POL-ch Academic (Women)"]
[Site "Katowice"]
[Date "2018.02.02"]
[Round "5"]
[White "Andrejczuk, Beata"]
[Black "Jablonska, Sabina"]
[Result "1-0"]
[WhiteElo "2057"]
[BlackElo "1956"]
[PlyCount "51"]
[EventDate "2018.02.02"]
[EventType "swiss (rapid)"]
[EventRounds "9"]
[EventCountry "POL"]
[SourceTitle "CBM 182 Extra"]
[Source "ChessBase"]
[SourceDate "2018.02.23"]
[SourceVersion "1"]
[SourceVersionDate "2018.02.23"]
[SourceQuality "1"]

1. e4 d5 2. exd5 Qxd5 3. Nc3 Qd6 4. d4 Nf6 5. Bc4 a6 6. Nge2 b5 7. Bb3 Bb7 8. Bf4 Qb6 9. f3 Nbd7 10. a4 c5 11. axb5 axb5 12. Rxa8+ Bxa8 13. dxc5 Qxc5 14. Qa1 Bb7 15. Qa5 e5 16. Bg3 Bc6 17. Qc7 Be7 18. Bf2 Qd6 19. Qc8+ Bd8 20. 0-0 0-0 21. Qa6 Nc5 22. Nxb5 Nxa6 23. Nxd6 Be7 24. Nf5 Bc5 25. Ra1 Nb4 26. Bxc5 1-0

[Event "POL-ch Academic (Women)"]
[Site "Katowice"]
[Date "2018.02.02"]
[Round "6"]
[White "Jablonska, Sabina"]
[Black "Zmarzly, Aleksandra"]
[Result "1/2-1/2"]
[WhiteElo "1956"]
[BlackElo "1962"]
[PlyCount "42"]
[EventDate "2018.02.02"]
[EventType "swiss (rapid)"]
[EventRounds "9"]
[EventCountry "POL"]
[SourceTitle "CBM 182 Extra"]
[Source "ChessBase"]
[SourceDate "2018.02.23"]
[SourceVersion "1"]
[SourceVersionDate "2018.02.23"]
[SourceQuality "1"]

1. b3 b6 2. Bb2 Bb7 3. e3 e6 4. Nf3 Nf6 5. Be2 Be7 6. c4 0-0 7. d4 d5 8. Nbd2 dxc4 9. Nxc4 Bb4+ 10. Ncd2 Ne4 11. 0-0 Nd7 12. Rc1 Ndf6 13. Nc4 Nd5 14. Qc2 f5 15. a3 Be7 16. Nce5 Qe8 17. Bc4 Bd6 18. Bd3 Ndf6 19. Nc4 Be7 20. Nce5 Bd6 21. Nc4 Be7 1/2-1/2

[Event "POL-chT U26 rapid"]
[Site "Hucisko"]
[Date "2016.01.16"]
[Round "3.18"]
[White "Jablonska, Sabina"]
[Black "Bartel, Marta"]
[Result "0-1"]
[WhiteElo "1968"]
[BlackElo "2274"]
[PlyCount "76"]
[EventDate "2016.01.16"]
[EventType "team-swiss (rapid)"]
[EventRounds "9"]
[EventCountry "POL"]
[SourceTitle "CBM 170 Extra"]
[Source "ChessBase"]
[SourceDate "2016.02.25"]
[SourceVersion "1"]
[SourceVersionDate "2016.02.25"]
[SourceQuality "1"]
[WhiteTeam "Krakow UJ"]
[BlackTeam "Warsaw UW"]
[WhiteTeamCountry "POL"]
[BlackTeamCountry "POL"]

1. b3 e5 2. Bb2 Nc6 3. e3 Nf6 4. d3 d5 5. Nd2 Be7 6. Ngf3 Bd6 7. Be2 0-0 8. a3 Re8 9. e4 d4 10. Nc4 Bf8 11. 0-0 b5 12. Ncd2 a6 13. c3 dxc3 14. Bxc3 Nd4 15. Nxd4 exd4 16. Bb2 c5 17. f4 Bb7 18. Rc1 Rc8 19. Bf3 Nd7 20. Re1 Nb6 21. e5 Bxf3 22. Qxf3 Qd5 23. Qg3 Rc6 24. Ne4 Kh8 25. Ng5 h6 26. Qh3 Kg8 27. e6 hxg5 28. Re5 Qxb3 29. Bxd4 Rcxe6 30. Rxe6 Qxe6 31. Qxe6 Rxe6 32. Bxc5 Rc6 33. d4 Bxc5 34. dxc5 Nc4 35. fxg5 Rxc5 36. h4 Rd5 37. Rc3 Rd1+ 38. Kf2 Ra1 0-1

[Event "POL-chT U26 rapid"]
[Site "Hucisko"]
[Date "2016.01.16"]
[Round "6.6"]
[White "Kulon, Klaudia"]
[Black "Jablonska, Sabina"]
[Result "1-0"]
[WhiteElo "2324"]
[BlackElo "1968"]
[PlyCount "143"]
[EventDate "2016.01.16"]
[EventType "team-swiss (rapid)"]
[EventRounds "9"]
[EventCountry "POL"]
[SourceTitle "CBM 170 Extra"]
[Source "ChessBase"]
[SourceDate "2016.02.25"]
[SourceVersion "1"]
[SourceVersionDate "2016.02.25"]
[SourceQuality "1"]
[WhiteTeam "Poznan UE"]
[BlackTeam "Krakow UJ"]
[WhiteTeamCountry "POL"]
[BlackTeamCountry "POL"]

1. e4 d5 2. exd5 Qxd5 3. Nc3 Qd6 4. d4 Nf6 5. Nf3 a6 6. g3 Bg4 7. Bg2 Nc6 8. 0-0 g6 9. h3 Bxf3 10. Bxf3 Bg7 11. Bf4 Qd7 12. d5 Nd8 13. Bg2 0-0 14. Qe2 Nh5 15. Bg5 f6 16. Be3 f5 17. Bg5 Nf6 18. Rfe1 Nf7 19. Bf4 Rfe8 20. Rad1 Rad8 21. b3 Nh5 22. Bd2 Bf6 23. Na4 Ng7 24. g4 Qc8 25. Nc5 b6 26. Nxa6 e6 27. Qc4 Nd6 28. Qa4 exd5 29. Bxd5+ Kh8 30. Rxe8+ Rxe8 31. g5 Be5 32. Nb4 f4 33. Bg2 f3 34. Bf1 Ne4 35. Nd3 Nxd2 36. Rxd2 Bc3 37. Rd1 Qf5 38. Qg4 Qd5 39. Nb2 Qc6 40. Nc4 b5 41. Ne3 Ne6 42. Nd5 Bg7 43. c4 bxc4 44. Bxc4 Nc5 45. Qxf3 Rf8 46. Qg2 Ne6 47. Nf6 Qxg2+ 48. Kxg2 Nxg5 49. Ng4 Ne4 50. Re1 Nc3 51. a4 h5 52. Ne5 Kh7 53. Bd3 Rf6 54. Kf1 Nd5 55. a5 Nf4 56. Bb1 Nxh3 57. f3 Nf4 58. Rc1 Ra6 59. Nc6 Kh6 60. b4 Bf8 61. b5 Ra8 62. a6 Ne6 63. Ne5 g5 64. Rc6 Bd6 65. Nf7+ Kg7 66. Nxd6 cxd6 67. Rxd6 Nc5 68. Rg6+ Kf7 69. Rxg5 Nxa6 70. bxa6 Rxa6 71. Rxh5 Ra1 72. Rb5 1-0

[Event "POL-ch U26 (Women) rapid"]
[Site "Hucisko"]
[Date "2016.01.15"]
[Round "4"]
[White "Jablonska, Sabina"]
[Black "Warakomska, Anna"]
[Result "0-1"]
[WhiteElo "1968"]
[BlackElo "2295"]
[PlyCount "174"]
[EventDate "2016.01.15"]
[EventType "swiss (rapid)"]
[EventRounds "9"]
[EventCountry "POL"]
[SourceTitle "CBM 170 Extra"]
[Source "ChessBase"]
[SourceDate "2016.02.25"]
[SourceVersion "1"]
[SourceVersionDate "2016.02.25"]
[SourceQuality "1"]

1. e4 e5 2. Nf3 Nc6 3. Bc4 Bc5 4. d3 Nf6 5. c3 a6 6. Bb3 Ba7 7. Nbd2 d6 8. h3 h6 9. Nf1 Be6 10. Be3 d5 11. Bc2 Bxe3 12. Nxe3 Qd7 13. Qe2 d4 14. Nc4 Bxc4 15. dxc4 dxc3 16. bxc3 Qe7 17. 0-0 Nd7 18. Rfd1 0-0 19. Ba4 Nc5 20. Bc2 Ne6 21. g3 Qa3 22. Qe3 Rad8 23. Bb3 Nc5 24. Qc1 Qxc1 25. Raxc1 Nxe4 26. Re1 Nc5 27. Nxe5 Nxe5 28. Rxe5 Nd3 29. Rce1 Nxe1 30. Rxe1 Rfe8 31. Rc1 Rd2 32. Kg2 Ree2 33. Rf1 Rd3 34. Rc1 c5 35. h4 Kf8 36. Rb1 Rxc3 37. Rd1 Ke7 38. Kf1 Re6 39. Rd5 b6 40. Rd1 Re5 41. Rd2 b5 42. cxb5 axb5 43. Rb2 c4 44. Bc2 Ra3 45. Bb1 Kd6 46. Kg2 Kc5 47. f3 Ree3 48. Be4 b4 49. Kf2 Rec3 50. Ke2 b3 51. axb3 cxb3 52. Kd2 Kb4 53. Kd1 Ra2 54. Rb1 b2 55. Kd2 Ra1 56. Rxb2+ Kc4 57. Bd5+ Kxd5 58. Kxc3 Ra3+ 59. Kd2 Rxf3 60. Rb7 Ke6 61. Rb6+ Ke5 62. Rb5+ Kd4 63. Rb7 Rxg3 64. Rxf7 Ke5 65. Ke2 Rg4 66. Kf2 g6 67. Rg7 Kf6 68. Rg8 Rxh4 69. Ra8 Kf7 70. Ra7+ Ke6 71. Ra6+ Kf5 72. Ra5+ Kg4 73. Ra4+ Kh5 74. Ra5+ g5 75. Kg3 Rb4 76. Ra3 Rc4 77. Re3 Rc6 78. Ra3 Kg6 79. Re3 h5 80. Ra3 h4+ 81. Kg2 Kh5 82. Ra2 Rc5 83. Rd2 g4 84. Ra2 h3+ 85. Kh2 Kh4 86. Ra8 g3+ 87. Kg1 Rc1# 0-1

[Event "POL-chT 2nd League"]
[Site "Szczyrk"]
[Date "2014.09.07"]
[Round "2.66"]
[White "Jablonska, Sabina"]
[Black "Bednarska, Malgorzata"]
[Result "0-1"]
[WhiteElo "1985"]
[BlackElo "2049"]
[PlyCount "94"]
[EventDate "2014.09.06"]
[EventType "team-swiss"]
[EventRounds "9"]
[EventCountry "POL"]
[SourceTitle "EXT 2015"]
[Source "ChessBase"]
[SourceDate "2014.11.20"]
[SourceVersion "1"]
[SourceVersionDate "2014.11.20"]
[SourceQuality "1"]
[WhiteTeam "Drogowiec"]
[BlackTeam "Warszawa YMCA"]
[WhiteTeamCountry "POL"]
[BlackTeamCountry "POL"]

1. e3 Nf6 2. c4 c5 3. b3 g6 4. Bb2 Bg7 5. Nf3 0-0 6. Be2 Nc6 7. 0-0 b6 8. d3 Bb7 9. Nbd2 d5 10. Rc1 Rc8 11. Re1 Qd6 12. cxd5 Nxd5 13. Nc4 Qb8 14. Bxg7 Kxg7 15. d4 Rfd8 16. Qd2 Nf6 17. Qb2 cxd4 18. exd4 Nb4 19. Nce5 Nbd5 20. Bc4 e6 21. Ng5 Rf8 22. Ne4 Nxe4 23. Rxe4 Qd6 24. Rh4 Ne7 25. Rh3 Bd5 26. Qd2 Ng8 27. Ng4 Rfd8 28. Nh6 Bxc4 29. Nxg8 Kxg8 30. bxc4 Qxd4 31. Qxd4 Rxd4 32. Rhc3 Rc5 33. Kf1 Kf8 34. Ke2 Re5+ 35. Re3 Rc5 36. Rec3 Ke7 37. Ke3 Rd7 38. Ke2 e5 39. Re3 Kf6 40. Rf3+ Ke6 41. Re3 f5 42. f3 b5 43. Ra3 Rxc4 44. Rxc4 bxc4 45. Rc3 Kd5 46. Ke3 Kc5 47. a3 Rd3+ 0-1

[Event "Rewal op-B 18th"]
[Site "Rewal"]
[Date "2013.08.26"]
[Round "6"]
[White "Jablonska, Sabina"]
[Black "Mielczarek, Joanna"]
[Result "1-0"]
[WhiteElo "1957"]
[BlackElo "1509"]
[PlyCount "49"]
[EventDate "2013.08.20"]
[EventType "swiss"]
[EventRounds "9"]
[EventCountry "POL"]
[SourceTitle "CBM 156 Extra"]
[Source "ChessBase"]
[SourceDate "2013.10.22"]
[SourceVersion "1"]
[SourceVersionDate "2013.10.22"]
[SourceQuality "1"]

1. e4 e5 2. Nf3 Nc6 3. Bc4 Nf6 4. d3 Bc5 5. c3 d6 6. Bb3 Be6 7. Bc2 h6 8. Nbd2 0-0 9. h3 d5 10. Qe2 Bd6 11. Nf1 dxe4 12. dxe4 Qd7 13. g4 Nh7 14. Ng3 Be7 15. Ba4 f6 16. Nh4 Bf7 17. Nhf5 Ng5 18. Nh5 Bxh5 19. gxh5 Bc5 20. h4 Ne6 21. Rg1 Kh7 22. Bb3 Ncd8 23. Rg6 Qe8 24. Qg4 Rf7 25. Bxh6 1-0

[Event "Stare Mesto op"]
[Site "Stare Mesto"]
[Date "2013.08.16"]
[Round "9"]
[White "Pulpan, Jakub"]
[Black "Jablonska, Sabina"]
[Result "0-1"]
[WhiteElo "2126"]
[BlackElo "1957"]
[PlyCount "140"]
[EventDate "2013.08.09"]
[EventType "swiss"]
[EventRounds "10"]
[EventCountry "CZE"]
[SourceTitle "CBM 155 Extra"]
[Source "ChessBase"]
[SourceDate "2013.08.26"]
[SourceVersion "1"]
[SourceVersionDate "2013.08.26"]
[SourceQuality "1"]

1. e4 d5 2. exd5 Qxd5 3. Nc3 Qd6 4. d4 a6 5. Nf3 Nf6 6. Be2 Nbd7 7. 0-0 b5 8. Ne5 Nxe5 9. Bf4 Nfd7 10. dxe5 Qxd1 11. Raxd1 e6 12. Rd2 Bb7 13. Rfd1 Bc6 14. Bg3 Bc5 15. Bd3 Nb6 16. Be4 Bxe4 17. Nxe4 Be7 18. b3 g5 19. f3 Nd5 20. c4 Ne3 21. Re1 Nf5 22. c5 Rd8 23. Rxd8+ Kxd8 24. Rd1+ Kc8 25. Bf2 Rd8 26. Rxd8+ Bxd8 27. g4 Nh4 28. Bxh4 gxh4 29. f4 Kd7 30. Kf2 Kc6 31. Ke3 Kd5 32. a3 a5 33. Kd3 b4 34. a4 h6 35. c6 Be7 36. h3 Bd8 37. Nf6+ Bxf6 38. exf6 e5 39. g5 hxg5 40. fxg5 e4+ 41. Ke3 Ke5 42. g6 Kxf6 43. gxf7 Kxf7 44. Kxe4 Ke6 45. Kf4 Kd5 46. Kg4 Kd4 47. Kxh4 Kc3 48. Kg3 Kxb3 49. h4 Kxa4 50. h5 b3 51. h6 b2 52. h7 b1Q 53. h8Q Qg6+ 54. Kh2 Qxc6 55. Qa1+ Kb5 56. Qb2+ Ka6 57. Qe2+ Qb5 58. Qe6+ c6 59. Qc8+ Qb7 60. Qg4 Qb2+ 61. Kh1 Kb5 62. Qf5+ c5 63. Qd7+ Kb4 64. Qb7+ Ka3 65. Qc7 Qc1+ 66. Kg2 a4 67. Qc6 Qc2+ 68. Kh1 Kb2 69. Qf6+ Ka2 70. Qf2 Kb1 0-1